Loreto College Library, Kolkata
WEBOPAC (ONLINE PUBLIC ACCESS CATALOGUE)

Inclusive education (Record no. 43636)

MARC details
000 -LEADER
fixed length control field 00603nam a22002057a 4500
005 - DATE AND TIME OF LATEST TRANSACTION
control field 20240207155522.0
008 - FIXED-LENGTH DATA ELEMENTS--GENERAL INFORMATION
fixed length control field 240205b |||||||| |||| 00| 0 eng d
020 ## - ISBN | অাই এস বি এন
ISBN | অাই এস বি এন 9789385503535
PRICE Rs.799.00
040 ## - CATALOGING SOURCE
Original cataloging agency Loreto College
041 ## - LANGUAGE CODE
Language code English
082 ## - DDC | ডিউই
Classification number | বর্গসংখ্যা 371.9
Book Number | গ্রন্থাঙ্ক BAS
100 ## - MAIN ENTRY--PERSONAL NAME | মুখ্য সংলেখ - ব্যাক্তিনাম
Personal name | ব্যাক্তিনাম Basha, Syed Hayath
245 ## - TITLE STATEMENT | অাখ্যা বিবরণী
Title | অাখ্যা Inclusive education
Sub title | উপঅাখ্যা policies and practices
Statement of responsibility | লেখকের দায়িত্বের বিবরণ Syed Hayath Basha and Naseerali M.K.
260 ## - IMPRINT | প্রকাশনা ক্ষেত্র
Place of publication | প্রকাশ স্থান New Delhi
Name of publisher | প্রকাশকের নাম New Delhi Publishers
Date of publication | প্রকাশ কাল 2017
300 ## - PHYSICAL DESCRIPTION |
Page / Vol. No | পৃষ্ঠা / খন্ড সংখ্যা 277p.
Other physical details | অনান্য বাহ্যিক বিবরণ 21cm.
650 ## - SUBJECT ADDED ENTRY--TOPICAL TERM | বিষয় শিরোনাম - মূল বিষয়
Topical term | মূল বিষয় Inclusive education
700 ## - ADDED ENTRY--PERSONAL NAME | অতিরিক্ত সংলেখ - ব্
Relator code | দায়িত্ব নির্দেশক Auth
Personal name | ব্যাক্তিনাম M.K.,Naseerali
850 ## - HOLDING INSTITUTION
Holding institution LCBED
942 ## - ADDED ENTRY ELEMENTS (KOHA)
Koha item type Books
Holdings
Withdrawn status Lost status Source of classification Damaged status Not for loan Home library Current library Date acquired Price Total Checkouts Full call number Accession No. Date last seen Price effective from Koha item type Coded location qualifier
    Dewey Decimal Classification     Loreto College Loreto College 05/02/2024 799.00   371.9 BAS 15571 47771 05/02/2024 05/02/2024 Books